Normal view MARC view

Entry Nombre corporativo

Number of records used in: 1

001 - NÚMERO DE CONTROL

  • campo de control: 17353

003 - IDENTIFICADOR DE NÚMERO DE CONTROL

  • campo de control: OSt

005 - FECHA Y HORA DE LA ÚLTIMA TRANSACCIÓN

  • campo de control: 20221005155817.0

008 - ELEMENTOS DE DATO DE LONGITUD-FIJA

  • campo de control de longitud fija: 221005|| aca||aabn | a|a d

040 ## - FUENTE DE CATALOGACIÓN

  • Centro catalogador/agencia de origen: OSt
  • Centro/agencia transcriptor: OSt

110 ## - ENCABEZAMIENTO-NOMBRE DE ENTIDAD CORPORATIVA

  • Nombre de entidad corporativa o nombre de jurisdicción como elemento de entrada: KONFERENCA O ENAKOSTI SPOLOV.
  • Unidad subordinada: Odpravljanje spolnih stereotipov : misija (ne)mogoce?
  • Número del congreso/reunión o número de parte o sección: Eslovenia^[2007]

670 ## - FUENTE DE DATOS ENCONTRADOS

  • Cita de la fuente: Work cat.: (OSt)17245: KONFERENCA O ENAKOSTI SPOLOV. Odpravljanje spolnih stereotipov : misija (ne)mogoce? Eslovenia^[2007], Konferenka o Enakosti Spolov :, [2007]

Powered by Koha